00757cam a22002777a 4500003000500000005001700005008004100022010001000063011001000073020001600083035001000099040000900109082002200118110000800140245008100148260002400229300004100253410000800294490003800302650003800340650002600378700001400404700001500418810000800433830003800441CHAP20220817043503.0990211d1997 it a r 00110 fre d a76506 a77478 a92520366652 a87085 cCHAP04a631.8bF54f v. 122 aFAO10aSystèmes intégrés de nutrition des plantesc/par R. Dudal et R. N. Roy aRome :bFAO,c1997. a448 p. :bilus. ; gráfs. ; cuadros2 aFAO 0aFertilizantes y nutriciónv; 1214aFertilizantesxEfecto en plantas.14aPlantasxNutrición.0 aDudal, R.0 aRoy, R. N.0 aFAO00aFertilizantes y nutriciónv; 12